LEADER 01819nam 2200505 450 001 9910708282903321 005 20180414101930.0 010 $a1-5383-2968-9 035 $a(CKB)4100000007586453 035 $a(MiAaPQ)EBC5851881 035 $a(OCoLC)888423303 035 $a(EXLCZ)994100000007586453 100 $a20190924d2019 uy 0 101 0 $aeng 135 $aurcnu|||||||| 181 $ctxt$2rdacontent 182 $cc$2rdamedia 183 $acr$2rdacarrier 200 10$aProtecting personal information /$fMelissa Rae? Shofner 210 1$aNew York, New York :$cPowerKids Press,$d[2019] 210 4$dİ2019 215 $a1 online resource (26 pages) 225 1 $aTech troubleshooters 300 $aTitle from title screen (viewed on Aug. 22, 2014). 300 $a"Noviembre 2011." 311 $a1-5383-2967-0 320 $aIncludes bibliographical references and index. 327 $aOnline lives -- Social media -- Signing in -- Check your email -- Online shopping -- Online banking -- Smart devices -- Hacked! -- Offline dangers -- Stay safe! 410 0$aTech troubleshooters. 606 $aComputer networks$xSecurity measures$vJuvenile literature 606 $aInternet$xSafety measures$vJuvenile literature 606 $aPersonal information management$vJuvenile literature 615 0$aComputer networks$xSecurity measures 615 0$aInternet$xSafety measures 615 0$aPersonal information management 676 $a005.87 700 $aShofner$b Melissa Rae?$01246099 712 02$aUnited States.$bFederal Trade Commission.$bBureau of Consumer Protection, 801 0$bMiAaPQ 801 1$bMiAaPQ 801 2$bMiAaPQ 906 $aBOOK 912 $a9910708282903321 996 $aProtecting personal information$93310846 997 $aUNINA LEADER 01674nam 2200361z 450 001 996575264003316 005 20231215122228.0 010 $a1-5044-7265-9 024 7 $a10.1109/IEEESTD.2021.9373040 035 $a(CKB)5590000000438928 035 $a(NjHacI)995590000000438928 035 $a(EXLCZ)995590000000438928 100 $a20231215d2021 uy 0 101 0 $aeng 135 $aur||||||||||| 181 $ctxt$2rdacontent 182 $cc$2rdamedia 183 $acr$2rdacarrier 200 10$aC57.12.30-2020 - IEEE standard for pole-mounted equipment--enclosure integrity for coastal environments /$fIEEE 210 1$a[Place of publication not identified] :$cIEEE,$d2021. 215 $a1 online resource 330 $aConformance tests and requirements for the coating integrity of pole-mounted enclosures containing apparatus energized in excess of 600 V, and for application in coastal environments, are specified in this standard. These enclosures are typically located out of reach of the general public, and include, but are not limited to, the following types of equipment enclosures: pole-mounted distribution transformers, pole-mounted switches, pole-mounted regulators, pole-mounted metering equipment, pole-mounted reclosers, and pole-mounted switchgear. 606 $aCoatings 606 $aElectric transformers 615 0$aCoatings. 615 0$aElectric transformers. 676 $a667.9 801 0$bNjHacI 801 1$bNjHacl 906 $aDOCUMENT 912 $a996575264003316 996 $aC57.12.30-2020 - IEEE Standard for Pole-Mounted Equipment--Enclosure Integrity for Coastal Environments$92811262 997 $aUNISA